Essentials of materials science (Record no. 10163)

000 -LEADER
fixed length control field 00525nam a2200205 i 4500
001 - CONTROL NUMBER
control field 10163
003 - CONTROL NUMBER IDENTIFIER
control field BD-DhUET
008 - FIXED-LENGTH DATA ELEMENTS--GENERAL INFORMATION
fixed length control field 750604s1976 nyua b 001 0 eng
020 ## - INTERNATIONAL STANDARD BOOK NUMBER
International Standard Book Number 007025351X
040 ## - CATALOGING SOURCE
Original cataloging agency DLC
Transcribing agency DLC
Modifying agency BD-DhUET
082 00 - DEWEY DECIMAL CLASSIFICATION NUMBER
Classification number 620.112
Item number GUY/1976
100 ## - MAIN ENTRY--PERSONAL NAME
Personal name Guy, A. G.
245 10 - TITLE STATEMENT
Title Essentials of materials science
250 ## - EDITION STATEMENT
Edition statement 1st ed.
260 ## - PUBLICATION, DISTRIBUTION, ETC. (IMPRINT)
Place of publication, distribution, etc. New York
Name of publisher, distributor, etc. McGraw-Hill
Date of publication, distribution, etc. 1976
300 ## - PHYSICAL DESCRIPTION
Extent x, 468 p.
Other physical details ill.
Dimensions 24 cm.
504 ## - BIBLIOGRAPHY, ETC. NOTE
Bibliography, etc Includes bibliographies
650 #0 - SUBJECT ADDED ENTRY--TOPICAL TERM
Topical term or geographic name as entry element Materials science
942 ## - ADDED ENTRY ELEMENTS (KOHA)
Koha item type General Book
Holdings
Shelving location Koha date last seen Koha issues (times borrowed) Piece designation (barcode) Price effective from Koha date last borrowed Source of classification or shelving scheme Location (home branch) Koha item type Sublocation or collection (holding branch) Date acquired Not for loan Lost status Koha full call number Damaged status Copy number Koha normalized classification for sorting Withdrawn status
Circulation section2015-02-04 555252015-02-04  Central Library, BUETGeneral BookCentral Library, BUET2015-02-04  620.112/GUY/1976 1620_112000000000000_GUY_1976 
Circulation section2021-08-281443272015-02-092021-08-28 Central Library, BUETGeneral BookCentral Library, BUET2015-02-09  620.112/GUY/1976 2620_112000000000000_GUY_1976